Trh DO-IT-YOURSELF zažívá explozi

História predajní DIY (Do-it-yourself - urob si sám). OBI - najúspešnejšia firma na trhu DIY, jej minulosť a súčasnosť. Spoločné a odlišné znaky predajní so sortimentom DIY. Predpokladaný rozvoj trhu DIY v ČR.

Na minha lista:
Detalhes bibliográficos
Formato: Livro
Idioma:tcheco
Assuntos:
Tags: Adicionar Tag
Sem tags, seja o primeiro a adicionar uma tag!

MARC

LEADER 00000nam a2200000 4500
001 r031408
005 20230522102525.5
041 0 |a cze 
044 |a CZ 
245 1 0 |a Trh DO-IT-YOURSELF zažívá explozi 
520 |a História predajní DIY (Do-it-yourself - urob si sám). OBI - najúspešnejšia firma na trhu DIY, jej minulosť a súčasnosť. Spoločné a odlišné znaky predajní so sortimentom DIY. Predpokladaný rozvoj trhu DIY v ČR. 
610 2 0 |a maloobchod 
610 2 0 |a DIY 
610 2 0 |a supermarkety 
610 2 0 |a veľkopredajne 
610 2 0 |a hobby 
610 2 0 |a OBI 
610 2 0 |a Česko